Look, I can talk! (Record no. 18169)

000 -LEADER
fixed length control field 00625nam a22001697a 4500
008 - FIXED-LENGTH DATA ELEMENTS--GENERAL INFORMATION
fixed length control field 120327t xxu||||| |||| 00| 0 eng d
020 ## - INTERNATIONAL STANDARD BOOK NUMBER
International Standard Book Number 1560184744
050 ## - LIBRARY OF CONGRESS CALL NUMBER
Classification number PE 1131
Item number .R3
100 ## - MAIN ENTRY--PERSONAL NAME
Personal name Ray, Blaine
9 (RLIN) 2261
245 ## - TITLE STATEMENT
Title Look, I can talk!
Remainder of title Studen book Spanish second edition.
Statement of responsibility, etc A step-by-step approache to communication through TPR stories.
250 ## - EDITION STATEMENT
Edition statement 2nd ed.
260 ## - PUBLICATION, DISTRIBUTION, ETC. (IMPRINT)
Place of publication, distribution, etc Los Gatos, CA
Name of publisher, distributor, etc Sky Oaks Productions, Inc.
Date of publication, distribution, etc 2002.
300 ## - PHYSICAL DESCRIPTION
Extent 96 p.
Other physical details ill.
Dimensions 28 cm.
650 ## - SUBJECT ADDED ENTRY--TOPICAL TERM
Topical term or geographic name as entry element English language
General subdivision Conversation and phrase books.
9 (RLIN) 2262
650 ## - SUBJECT ADDED ENTRY--TOPICAL TERM
Topical term or geographic name as entry element English language
General subdivision Textbooks for foreign speakers.
9 (RLIN) 2263
942 ## - ADDED ENTRY ELEMENTS (KOHA)
Source of classification or shelving scheme
Item type Books
Copies
Koha item type Permanent location Date acquired Current location Copy number Date last seen Price effective from Full call number Source of classification or shelving scheme Not for loan Lost status Barcode Shelving location Withdrawn status Damaged status
BooksRHEMA Bible Training College2012-03-27RHEMA Bible Training College12012-03-272012-03-27PE 1131 .R3   22503General Stacks